The risk of mould damage over the whole life of a building (Record no. 104322)
[ view plain ]
| 000 -LEADER | |
|---|---|
| fixed length control field | 00871cam a2200193 4500 |
| 001 - CONTROL NUMBER | |
| control field | L129985 |
| 008 - FIXED-LENGTH DATA ELEMENTS--GENERAL INFORMATION | |
| fixed length control field | 050613n2004 000 0 eng u |
| 035 ## - SYSTEM CONTROL NUMBER | |
| System control number | (Sirsi) u129985 |
| 041 ## - LANGUAGE CODE | |
| Language code of text/sound track or separate title | eng |
| 050 ## - LIBRARY OF CONGRESS CALL NUMBER | |
| Classification number | 693.893 |
| -- | 18 |
| 100 ## - MAIN ENTRY--PERSONAL NAME | |
| Personal name | Flanagan, Roger |
| 245 04 - TITLE STATEMENT | |
| Title | The risk of mould damage over the whole life of a building |
| Medium | [electronic resource] |
| 260 ## - PUBLICATION, DISTRIBUTION, ETC. | |
| Place of publication, distribution, etc. | London |
| Name of publisher, distributor, etc. | RICS |
| Date of publication, distribution, etc. | 2004 |
| 520 ## - SUMMARY, ETC. | |
| Summary, etc. | The research paper describes what mould is and how building materials can encourage mould growth. The major health, construction and business risks and highlighted and suggestions are made for designing out mould. |
| 690 ## - LOCAL SUBJECT ADDED ENTRY--TOPICAL TERM (OCLC, RLIN) | |
| Topical term or geographic name as entry element | BUILT ENVIRONMENT-BUILDING PATHOLOGY-FUNGAL INFESTATION |
| 700 ## - ADDED ENTRY--PERSONAL NAME | |
| Personal name | Jewell, Carol |
| 856 ## - ELECTRONIC LOCATION AND ACCESS | |
| Uniform Resource Identifier | <a href="https://www.rics.org/Global/Downloads/RiskMouldDamageWholeLifeBuilding200305.pdf">https://www.rics.org/Global/Downloads/RiskMouldDamageWholeLifeBuilding200305.pdf</a> |
| Public note | View the item free of charge at www.rics.org... |
| 942 ## - ADDED ENTRY ELEMENTS (KOHA) | |
| Suppress in OPAC | 0 |
| Withdrawn status | Lost status | Source of classification or shelving scheme | Damaged status | Not for loan | Home library | Current library | Shelving location | Date acquired | Total Checkouts | Full call number | Barcode | Date last seen | Copy number | Price effective from | Koha item type |
|---|---|---|---|---|---|---|---|---|---|---|---|---|---|---|---|
| Dewey Decimal Classification | Virtual | Virtual | Online | 22/06/2005 | ONLINE PUBLICATION | 129985-2001 | 06/08/2019 | 1 | 06/08/2019 | Book |